000 01288cam a22002414a 4500
005 20251222131732.0
008 250528s ||||||||||||||||||||||||d
035 _a21040
020 _a9781118964330
040 _aGR-AtMCL
_bgre
_dGR-AtMCL
_eAACR2
245 1 _aAbnormal Psychology / DSM-5 Updated: Twelfth Edition
250 _a12th
260 _bJohn Wiley & Sons, Ltd,
_c2014
300 _a632
520 _aThe first and foremost grounded in the latest science of mental illness. Introduction and Fundamental Issues, Introduction and Historical Overview, Current Paradigms in Psychopathology, Diagnosis and Assessment, Research Methods in Psychopathology, Psychological Disorders, Mood Disorders, Anxiety Disorders, Obsessive-Compulsive-Related and Trauma-Related Disorders, Dissociative Disorders and Somatic Symptom-Related Disorders, Schizophrenia, Substance Use Disorders, Eating Disorders, Sexual Disorders, Disorders of Childhood, Late life and Neurocognitive Disorders, Personality Disorders, Legal and Ethical Issues, Glossary, References, Name and Subject Index.
700 1 _aDavison Gerald C
_93215
700 1 _aJohnson, Sheri L.
_97059
700 1 _aKring, Ann M.
_97060
700 1 _aNeale John M
_93216
942 _cBK
999 _c6111
_d6111